<?xml version="1.0" encoding="UTF-8"?>
<record
    xmlns:xsi="http://www.w3.org/2001/XMLSchema-instance"
    xsi:schemaLocation="http://www.loc.gov/MARC21/slim http://www.loc.gov/standards/marcxml/schema/MARC21slim.xsd"
    xmlns="http://www.loc.gov/MARC21/slim">

  <leader>00350nam a2200145Ia 4500</leader>
  <controlfield tag="008">191201s2008    xx            000 0 und d</controlfield>
  <datafield tag="082" ind1=" " ind2=" ">
    <subfield code="a">621.3811</subfield>
    <subfield code="b">HAC</subfield>
  </datafield>
  <datafield tag="100" ind1=" " ind2=" ">
    <subfield code="a">HAYKIN, Simon</subfield>
  </datafield>
  <datafield tag="245" ind1=" " ind2="0">
    <subfield code="a">Communication Systems</subfield>
  </datafield>
  <datafield tag="250" ind1=" " ind2=" ">
    <subfield code="a">Rep.</subfield>
  </datafield>
  <datafield tag="260" ind1=" " ind2=" ">
    <subfield code="a">N.Delhi</subfield>
    <subfield code="b">Wiley Dreautech India</subfield>
    <subfield code="c">2008</subfield>
  </datafield>
  <datafield tag="300" ind1=" " ind2=" ">
    <subfield code="a">816</subfield>
  </datafield>
  <datafield tag="650" ind1=" " ind2=" ">
    <subfield code="a">B.Tech(ECE)</subfield>
  </datafield>
  <datafield tag="942" ind1=" " ind2=" ">
    <subfield code="2">ddc</subfield>
    <subfield code="c">BK</subfield>
  </datafield>
  <datafield tag="999" ind1=" " ind2=" ">
    <subfield code="c">3592</subfield>
    <subfield code="d">3592</subfield>
  </datafield>
  <datafield tag="952" ind1=" " ind2=" ">
    <subfield code="0">0</subfield>
    <subfield code="1">0</subfield>
    <subfield code="2">ddc</subfield>
    <subfield code="4">0</subfield>
    <subfield code="7">0</subfield>
    <subfield code="8">BTECHECE</subfield>
    <subfield code="a">PIET</subfield>
    <subfield code="b">PIET</subfield>
    <subfield code="d">2008-11-07</subfield>
    <subfield code="e">J B C, New Delhi</subfield>
    <subfield code="g">449.00</subfield>
    <subfield code="k">SI-4101</subfield>
    <subfield code="l">1</subfield>
    <subfield code="o">621.3811 HAC</subfield>
    <subfield code="p">10019</subfield>
    <subfield code="r">2024-03-28 00:00:00</subfield>
    <subfield code="s">2024-03-27</subfield>
    <subfield code="w">2008-10-16</subfield>
    <subfield code="y">BK</subfield>
  </datafield>
  <datafield tag="952" ind1=" " ind2=" ">
    <subfield code="0">0</subfield>
    <subfield code="1">0</subfield>
    <subfield code="2">ddc</subfield>
    <subfield code="4">0</subfield>
    <subfield code="7">0</subfield>
    <subfield code="8">BTECHECE</subfield>
    <subfield code="a">PIET</subfield>
    <subfield code="b">PIET</subfield>
    <subfield code="d">2008-11-07</subfield>
    <subfield code="e">J B C, New Delhi</subfield>
    <subfield code="g">449.00</subfield>
    <subfield code="k">SI-4101</subfield>
    <subfield code="l">1</subfield>
    <subfield code="o">621.3811 HAC</subfield>
    <subfield code="p">10020</subfield>
    <subfield code="r">2021-03-03 00:00:00</subfield>
    <subfield code="s">2020-01-10</subfield>
    <subfield code="w">2008-10-16</subfield>
    <subfield code="y">BK</subfield>
  </datafield>
  <datafield tag="952" ind1=" " ind2=" ">
    <subfield code="0">0</subfield>
    <subfield code="1">0</subfield>
    <subfield code="2">ddc</subfield>
    <subfield code="4">0</subfield>
    <subfield code="7">0</subfield>
    <subfield code="8">BTECHECE</subfield>
    <subfield code="a">PIET</subfield>
    <subfield code="b">PIET</subfield>
    <subfield code="d">2008-11-07</subfield>
    <subfield code="e">J B C, New Delhi</subfield>
    <subfield code="g">449.00</subfield>
    <subfield code="k">SI-4101</subfield>
    <subfield code="l">0</subfield>
    <subfield code="o">621.3811 HAC</subfield>
    <subfield code="p">10021</subfield>
    <subfield code="r">2019-12-04 00:00:00</subfield>
    <subfield code="w">2008-10-16</subfield>
    <subfield code="y">BK</subfield>
    <subfield code="z">Damage</subfield>
  </datafield>
  <datafield tag="952" ind1=" " ind2=" ">
    <subfield code="0">0</subfield>
    <subfield code="1">0</subfield>
    <subfield code="2">ddc</subfield>
    <subfield code="4">0</subfield>
    <subfield code="7">0</subfield>
    <subfield code="8">BTECHECE</subfield>
    <subfield code="a">PIET</subfield>
    <subfield code="b">PIET</subfield>
    <subfield code="d">2008-11-07</subfield>
    <subfield code="e">J B C, New Delhi</subfield>
    <subfield code="g">449.00</subfield>
    <subfield code="k">SI-4101</subfield>
    <subfield code="l">2</subfield>
    <subfield code="o">621.3811 HAC</subfield>
    <subfield code="p">10022</subfield>
    <subfield code="r">2020-03-02 00:00:00</subfield>
    <subfield code="s">2020-02-25</subfield>
    <subfield code="w">2008-10-16</subfield>
    <subfield code="y">BK</subfield>
  </datafield>
  <datafield tag="952" ind1=" " ind2=" ">
    <subfield code="0">0</subfield>
    <subfield code="1">0</subfield>
    <subfield code="2">ddc</subfield>
    <subfield code="4">0</subfield>
    <subfield code="7">0</subfield>
    <subfield code="8">BTECHECE</subfield>
    <subfield code="a">PIET</subfield>
    <subfield code="b">PIET</subfield>
    <subfield code="d">2008-11-08</subfield>
    <subfield code="e">J B C, New Delhi</subfield>
    <subfield code="g">449.00</subfield>
    <subfield code="k">SI-4127</subfield>
    <subfield code="l">5</subfield>
    <subfield code="o">621.3811 HAC</subfield>
    <subfield code="p">10064</subfield>
    <subfield code="r">2025-04-25 00:00:00</subfield>
    <subfield code="s">2025-04-10</subfield>
    <subfield code="w">2008-10-18</subfield>
    <subfield code="y">BK</subfield>
  </datafield>
  <datafield tag="952" ind1=" " ind2=" ">
    <subfield code="0">0</subfield>
    <subfield code="1">0</subfield>
    <subfield code="2">ddc</subfield>
    <subfield code="4">0</subfield>
    <subfield code="7">0</subfield>
    <subfield code="8">BTECHECE</subfield>
    <subfield code="a">PIET</subfield>
    <subfield code="b">PIET</subfield>
    <subfield code="d">2008-11-08</subfield>
    <subfield code="e">J B C, New Delhi</subfield>
    <subfield code="g">449.00</subfield>
    <subfield code="k">SI-4127</subfield>
    <subfield code="l">0</subfield>
    <subfield code="o">621.3811 HAC</subfield>
    <subfield code="p">10065</subfield>
    <subfield code="r">2019-12-04 00:00:00</subfield>
    <subfield code="w">2008-10-18</subfield>
    <subfield code="y">BK</subfield>
  </datafield>
  <datafield tag="952" ind1=" " ind2=" ">
    <subfield code="0">0</subfield>
    <subfield code="1">0</subfield>
    <subfield code="2">ddc</subfield>
    <subfield code="4">0</subfield>
    <subfield code="7">0</subfield>
    <subfield code="8">BTECHECE</subfield>
    <subfield code="a">PIET</subfield>
    <subfield code="b">PIET</subfield>
    <subfield code="d">2008-11-08</subfield>
    <subfield code="e">J B C, New Delhi</subfield>
    <subfield code="g">449.00</subfield>
    <subfield code="k">SI-4127</subfield>
    <subfield code="l">0</subfield>
    <subfield code="o">621.3811 HAC</subfield>
    <subfield code="p">10066</subfield>
    <subfield code="r">2019-12-04 00:00:00</subfield>
    <subfield code="w">2008-10-18</subfield>
    <subfield code="y">BK</subfield>
  </datafield>
  <datafield tag="952" ind1=" " ind2=" ">
    <subfield code="0">0</subfield>
    <subfield code="1">0</subfield>
    <subfield code="2">ddc</subfield>
    <subfield code="4">0</subfield>
    <subfield code="7">0</subfield>
    <subfield code="8">BTECHECE</subfield>
    <subfield code="a">PIET</subfield>
    <subfield code="b">PIET</subfield>
    <subfield code="d">2008-11-08</subfield>
    <subfield code="e">J B C, New Delhi</subfield>
    <subfield code="g">449.00</subfield>
    <subfield code="k">SI-4127</subfield>
    <subfield code="l">0</subfield>
    <subfield code="o">621.3811 HAC</subfield>
    <subfield code="p">10067</subfield>
    <subfield code="r">2019-12-04 00:00:00</subfield>
    <subfield code="w">2008-10-18</subfield>
    <subfield code="y">BK</subfield>
  </datafield>
  <datafield tag="952" ind1=" " ind2=" ">
    <subfield code="0">0</subfield>
    <subfield code="1">0</subfield>
    <subfield code="2">ddc</subfield>
    <subfield code="4">0</subfield>
    <subfield code="7">0</subfield>
    <subfield code="8">BTECHECE</subfield>
    <subfield code="a">PIET</subfield>
    <subfield code="b">PIET</subfield>
    <subfield code="d">2008-11-08</subfield>
    <subfield code="e">J B C, New Delhi</subfield>
    <subfield code="g">449.00</subfield>
    <subfield code="k">SI-4127</subfield>
    <subfield code="l">0</subfield>
    <subfield code="o">621.3811 HAC</subfield>
    <subfield code="p">10068</subfield>
    <subfield code="r">2019-12-04 00:00:00</subfield>
    <subfield code="w">2008-10-18</subfield>
    <subfield code="y">BK</subfield>
  </datafield>
  <datafield tag="952" ind1=" " ind2=" ">
    <subfield code="0">0</subfield>
    <subfield code="1">0</subfield>
    <subfield code="2">ddc</subfield>
    <subfield code="4">0</subfield>
    <subfield code="7">0</subfield>
    <subfield code="8">BTECHECE</subfield>
    <subfield code="a">PIET</subfield>
    <subfield code="b">PIET</subfield>
    <subfield code="d">2008-11-08</subfield>
    <subfield code="e">J B C, New Delhi</subfield>
    <subfield code="g">449.00</subfield>
    <subfield code="k">SI-4127</subfield>
    <subfield code="l">1</subfield>
    <subfield code="o">621.3811 HAC</subfield>
    <subfield code="p">10069</subfield>
    <subfield code="r">2020-03-12 00:00:00</subfield>
    <subfield code="s">2020-02-24</subfield>
    <subfield code="w">2008-10-18</subfield>
    <subfield code="y">BK</subfield>
  </datafield>
</record>
